000 00882nam a2200217Ii 4500
003 JO-AjNU
008 230605s9999||||xx |||||||||||||| ||und||
040 _aJO-AjNU
_bara
_erda
_cJO-AjNU
041 _aara
050 1 4 _aBP144.D332 2013
100 3 _aتأليف داغي، علي محي الدين القره ,
_eauthor
_948438
245 0 0 _aحقيبة طالب العلم الأقتصادية(6): بحوث في فقه المعاملات المالية المعاصرة
250 _aط2
264 3 1 _aبيروت : شركة دار البشائر الإسلامية، 2013
300 _aالكتاب الخامس، ج1 ،464ص
336 _atext
_btxt
_2rdacontent
337 _aunmediated
_bn
_2rdamedia
338 _avolume
_bnc
_2rdacarrier
490 0 _aحقيبة طالب العلم الاقتصادية (6)
650 4 _aفقه المعاملات المالية
_948439
999 _aA21213
_c24781
_d24781